000
00317nam a22001337a 4500
008
170130b xxu||||| |||| 00| 0 eng d
020
_a
9781284026320
041
_a
eng
080
_2
11TH
_a
61
100
_a
3
101
_a
SHMI
245
_a
LEGAL ASPECTS OF HEALTH CARE ADMINISTRATION
_c
POZGAR, G.D
942
_2
udc
_c
BK
999
_c
3959
_d
3959